ბათუმის შოთა რუსთაველის სახელმწიფო უნივერსიტეტის ბიბლიოთეკა

ადამიანის ეკოლოგია. (ბიბ.ჩანაწერი № 40946)

000 -LEADER
fixed length control field 00932nam a2200229Ia 4500
001 - CONTROL NUMBER
control field 7593
003 - CONTROL NUMBER IDENTIFIER
control field GE_BSU
008 - FIXED-LENGTH DATA ELEMENTS--GENERAL INFORMATION
fixed length control field 181216s||||||||xx |||||||||||||| ||und||
020 ## - INTERNATIONAL STANDARD BOOK NUMBER
International Standard Book Number 9789941409516.
040 ## - CATALOGING SOURCE
Transcribing agency GE_BSU
080 ## - UNIVERSAL DECIMAL CLASSIFICATION NUMBER
Universal Decimal Classification number 574(075.8)
100 ## - MAIN ENTRY--PERSONAL NAME
Personal name ალასანია,ნარგიზ; ლომთათიძე,ნინო; ზარნაძე,ნანა.
245 ## - TITLE STATEMENT
Title ადამიანის ეკოლოგია.
245 ## - TITLE STATEMENT
Remainder of title დამხმ.სახელმძღვ.საბუნებისმეტყველო და სამედიცინო ფაკულტ.სტუდ.
245 ## - TITLE STATEMENT
Statement of responsibility, etc. რედ:ქეთევან დოლიძე.
260 ## - PUBLICATION, DISTRIBUTION, ETC.
Place of publication, distribution, etc. ბათუმი.
260 ## - PUBLICATION, DISTRIBUTION, ETC.
Name of publisher, distributor, etc. უნ-ტის გამ-ბა და სტ.
260 ## - PUBLICATION, DISTRIBUTION, ETC.
Date of publication, distribution, etc. 2009.
300 ## - PHYSICAL DESCRIPTION
Extent 73გვ;20სმ.
653 ## - INDEX TERM--UNCONTROLLED
Uncontrolled term ადამიანის ეკოლოგია.
942 ## - ADDED ENTRY ELEMENTS (KOHA)
Koha item type წიგნი
ეგზემპლარები
Withdrawn status Lost status Damaged status Not for loan Date acquired Barcode Date last seen Price effective from Koha item type
        2018-12-17 1862 2018-12-17 2018-12-17 წიგნი
        2018-12-17 1863 2018-12-17 2018-12-17 წიგნი
        2018-12-17 1864 2018-12-17 2018-12-17 წიგნი
        2018-12-17 1865 2018-12-17 2018-12-17 წიგნი
        2018-12-17 1866 2018-12-17 2018-12-17 წიგნი